| 000 -CABECERA |
| Longitud fija campo de control |
00442nam a2200157 a 4500 |
| 001 - NÚMERO DE CONTROL |
| Número de control |
5656 |
| 003 - IDENTIFICADOR DEL NÚMERO DE CONTROL |
| Identificador del número de control |
CDMR |
| 005 - FECHA Y HORA DE LA ÚLTIMA TRANSACCIÓN |
| Fecha y hora de la última transacción |
20130313132243.0 |
| 008 - CÓDIGOS DE INFORMACIÓN DE LONGITUD FIJA |
| Códigos de información de longitud fija |
130130s2007||||||||||||||||||||||||||||d |
| 020 ## - NÚMERO INTERNACIONAL NORMALIZADO PARA LIBROS |
| Número Internacional Normalizado para Libros (ISBN) |
9788483800348 |
| 040 ## - FUENTE DE LA CATALOGACIÓN |
| Centro catalogador de origen |
CDMR |
| Lengua de catalogación |
cat |
| Centro transcriptor |
CPC LLEIDA |
| 245 00 - MENCIÓN DE TÍTULO |
| Título |
Viladrich |
| Resto del título |
: primitiu i perdurable |
| Mención de responsabilidad, etc. |
Concha Lomba, Chus Tudelilla |
| 260 ## - PUBLICACIÓN, DISTRIBUCIÓN, ETC. (PIE DE IMPRENTA) |
| Fecha de publicación, distribución, etc. |
2007 |
| Lugar de publicación, distribución, etc. |
Generalitat de Catalunya |
| Nombre del editor, distribuidor, etc. |
Barcelona |
| 710 ## - PUNTO DE ACCESO ADICIONAL - NOMBRE DE ENTIDAD |
| 9 (RLIN) |
2846 |
| Nombre de entidad o nombre de jurisdicción como elemento inicial |
Aragón |
| Unidad subordinada |
Gobierno |
| 942 ## - ENTRADA DE ELEMENTOS AGREGADOS (KOHA) |
| Koha [por defecto] tipo de item |
Monografies |
| Fuente de clasificaión o esquema |
|